South Korea Country Quiz - Statistics

General Stats
  • This quiz has been taken 34 times
  • The average score is 5 of 7
Answer Stats
Question Answer % Correct
What is the capital of South Korea? Seoul
100%
Which Flag Depicts South Korea?
93%
Which country colonized South Korea? Japan
77%
Which Country shape depicts South Korea?
73%
What is the approximate population of South Korea? 51,700,000
63%
Which religion do most people follow in South Korea? No Religion
33%
What is the GDP of South Korea? 1.71 trillion
27%
No matching quizzes found
Score Distribution
Percent of People with Each Score
Percentile by Number Answered
Your Score History
You have not taken this quiz